[Event "Hillerod Byturnering Mesterklassen 2012"]
[Site "Hillerod"]
[Date "2012.06.26"]
[Round "7"]
[White "Pedersen, Christopher RNH"]
[Black "Knudsen, Jes West"]
[Result "1-0"]
[WhiteElo "2062"]
[BlackElo "1913"]
[PlyCount "81"]
[EventDate "2012.??.??"]

1. e4 Nf6 2. e5 Nd5 3. d4 d6 4. exd6 exd6 5. Nf3 Be7 6. Be2 O-O 7. O-O Bf5 8.
c3 Nd7 9. Qb3 N5b6 10. a4 a5 11. Be3 Nf6 12. Nbd2 Ne4 13. Nxe4 Bxe4 14. Nd2 Bd5
15. Qc2 f5 16. f4 Bf6 17. Bd3 Qe8 18. Bf2 Qh5 19. c4 Be6 20. Rae1 Bd7 21. b3
Rae8 22. Nf3 Nc8 23. c5 Bc6 24. Qc4+ Kh8 25. d5 Bd7 26. cxd6 cxd6 27. Qc7 Qf7
28. Qxb7 Rd8 29. Bc4 Ne7 30. Rd1 Ng6 31. g3 Rb8 32. Qa6 Bc3 33. Qxd6 Rfd8 34.
Ng5 Qg8 35. Qc5 Bb4 36. Qe3 Re8 37. Qf3 Bd6 38. Rfe1 Nf8 39. Bd4 h6 40. Qh5
Red8 41. Qxh6+ 1-0

[Event "Hillerod Byturnering Mesterklassen 2012"]
[Site "Hillerod"]
[Date "2012.06.26"]
[Round "7"]
[White "Percivaldi, Martin"]
[Black "Schou Moldt, Thomas"]
[Result "0-1"]
[WhiteElo "1881"]
[BlackElo "2197"]
[PlyCount "106"]
[EventDate "2012.??.??"]

1. e4 e5 2. Nf3 Nc6 3. Bc4 Nf6 4. d3 Bc5 5. c3 a6 6. Bb3 Ba7 7. Nbd2 d6 8. h3
Qe7 9. Nf1 h6 10. Qe2 Be6 11. Bc2 g6 12. Ne3 d5 13. g4 d4 14. Nf1 Nd7 15. c4
Bc5 16. a3 a5 17. Ba4 Bd6 18. Qc2 Nc5 19. Ng3 Nxa4 20. Qxa4 Bd7 21. Qc2 a4 22.
Nd2 Na5 23. Kf1 b6 24. Kg2 Qe6 25. f3 c5 26. Ngf1 O-O 27. Rb1 Rfb8 28. h4 Bf8
29. Rh2 b5 30. Kg1 Qa6 31. h5 g5 32. b3 axb3 33. Rxb3 Nxb3 34. Qxb3 bxc4 35.
Qxc4 Bb5 36. Qd5 Re8 37. f4 Rad8 38. Qa2 exf4 39. Rh3 Bd7 40. Nc4 Bxg4 41. Rh2
Be6 42. Rg2 Bxc4 43. dxc4 Rxe4 44. Qf2 Bg7 45. Qf3 Rde8 46. Qd3 Qe6 47. Qf3
Qxc4 48. Bd2 d3 49. Rg4 Re2 50. Bxf4 f5 51. Rg3 Qxf4 52. Qd5+ Kh8 53. Qxc5 Bd4+
0-1